Statistical analysis with missing data

Сохранить в:
Библиографические подробности
Главный автор: Little, Roderick J. A. (autor)
Формат:
Язык:английский
Опубликовано: Hoboken John Wiley 2002
Редактирование:2a. ed
Серии:Wiley Series in Probability and Statistics
Предметы:
Метки: Добавить метку
Нет меток, Требуется 1-ая метка записи!

MARC

LEADER 00000nam a2200000 a 4500
001 UCI4894
003 CL-VaPUC
008 080307e20020000us |||||||||||||||||eng|d
020 |a 0471183865 
082 0 4 |a 519.5  |b LIT  |2 21 
100 |a Little, Roderick J. A.  |e autor  |9 526962 
245 1 0 |a Statistical analysis with missing data 
250 |a 2a. ed 
300 |a 381 p 
942 |c BK 
945 |d 20080307 00:00:00  |a cmena 
260 |a Hoboken  |b John Wiley  |c 2002 
650 0 |a Estadística matemática  |9 260028 
650 0 |a Análisis estadístico  |9 269506 
650 0 |a Datos estadísticos  |9 329380 
650 0 |a Métodos de investigación   |9 262618 
650 0 |a Análisis multivariable  |9 346260 
583 |a last modification  |c 20171221 02:31:38  |k Rodrigo Vera 
490 0 |a Wiley Series in Probability and Statistics 
999 |c 328730  |d 328728 
952 |0 0  |1 0  |4 0  |6 519_500000000000000_LIT_2002  |7 0  |8 A  |9 412802  |a BIBGIM  |b BIBGIM  |d 2019-11-22  |i 4412044  |o 519.5 LIT 2002  |p 4412044  |r 2025-01-15  |w 2019-11-22  |y BK  |k EST